El libertino y el nacimiento del capitalismo

Guardat en:
Dades bibliogràfiques
Autor principal: Velarde Fuertes, Juan (Autor)
Format: Llibre
Idioma:espanyol
Publicat: Madrid Pirámide 1981
Matèries:
Etiquetes: Afegir etiqueta
Sense etiquetes, Sigues el primer a etiquetar aquest registre!

MARC

LEADER 00000nam a2200000 a 4500
001 UCT8600
003 CL-VaPUC
008 970326e19810000SP |||||||||||||||||spa|d
082 0 4 |a 306.342  |b VEL  |2 21 
100 0 |a Velarde Fuertes, Juan  |e author  |9 380415 
245 1 3 |a El libertino y el nacimiento del capitalismo 
300 |a 158 p 
942 |c BK 
945 |d 19970326 00:00:00  |a paguirre 
260 |a Madrid  |b Pirámide  |c 1981 
650 0 |a Capitalismo  |9 255255 
650 0 |a Liberalismo  |9 255715 
650 7 |a SISTEMAS ECONOMICOS  |2 CL-VaPUC  |9 380416 
650 7 |a SISTEMAS SOCIOCULTURALES  |2 CL-VaPUC  |9 371028 
650 0 |a Masonería   |9 256238 
583 |a last modification  |c 19970326 00:00:00  |k Rodrigo Vera 
999 |c 257089  |d 257087 
952 |0 0  |1 0  |4 0  |6 306_342000000000000_VEL_1981  |7 0  |8 A  |9 280332  |a BIBDER  |b BIBDER  |d 2019-11-19  |i 1813463  |o 306.342 VEL 1981  |p 1813463  |r 2023-01-25  |w 2019-11-19  |y BK  |k DER